000
00216nam a22000977a 4500
999
_c
262786
_d
262785
020
_a
059040989
100
_a
Alvin Tresselt
245
_a
White snow bright snow
260
_a
New York
_b
Scholastic
_c
1947
942
_c
BK